Ekonomické hlasování a odpovědnost vládních stran ve střední Evropě

Ekonomické hlasovanie: hlavné koncepty a problémy. Model odmeny a trestu. Mezinárodne previazané ekonomiky a ekonomické hlasovanie. Vlády v strednej Európe a ekonomika v rokoch 2004 a 2009

Salvato in:
Dettagli Bibliografici
Autore principale: Svačinová, Petra
Natura: Capitolo di libro
Lingua:ceco
Soggetti:
Tags: Aggiungi Tag
Nessun Tag, puoi essere il primo ad aggiungerne!!

MARC

LEADER 00000nla a2200000 4500
001 0213552
005 20240108073755.3
041 0 |a cze 
044 |a CZ 
245 1 0 |a Ekonomické hlasování a odpovědnost vládních stran ve střední Evropě  |c Petra Svačinová 
520 |a Ekonomické hlasovanie: hlavné koncepty a problémy. Model odmeny a trestu. Mezinárodne previazané ekonomiky a ekonomické hlasovanie. Vlády v strednej Európe a ekonomika v rokoch 2004 a 2009 
610 2 0 |a voľby 
610 2 0 |a strany politické 
610 2 0 |a stredná Európa 
610 2 0 |a východná Európa 
100 1 |a Svačinová, Petra